|
|
|
|
| LEADER |
00000naa2a2200000 4500 |
| 001 |
107160 |
| 005 |
20231221094611.0 |
| 035 |
|
|
|a (RuTPU)RU\TPU\book\115701
|
| 090 |
|
|
|a 107160
|
| 100 |
|
|
|a 20061219d2003 k y0rusy50 ca
|
| 101 |
0 |
|
|a rus
|
| 102 |
|
|
|a RU
|
| 200 |
1 |
|
|a Динамика гиперзвукового потока электроразрядной плазмы
|f Д. Ю. Герасимов, А. С. Сайгаш, А. Г. Ягин
|
| 463 |
|
0 |
|0 (RuTPU)RU\TPU\book\62675
|y 5-98298-044-7
|t Университетская научно-практическая отчетная конференция студентов и молодых ученых; 14-16 мая 2003, г. Томск
|o сборник тезисов
|f Томский политехнический университет. Физико-технический факультет
|v С. 10-11
|d 2003
|p 58 с.
|
| 610 |
1 |
|
|a плазма
|
| 610 |
1 |
|
|a электроразрядная плазма
|
| 610 |
1 |
|
|a гиперзвук
|
| 610 |
1 |
|
|a динамика
|
| 610 |
1 |
|
|a высокоскоростные потоки
|
| 610 |
1 |
|
|a труды учёных ТПУ
|
| 700 |
|
1 |
|a Герасимов
|b Д. Ю.
|c специалист в области электроэнергетики
|c доцент Томского политехнического университета, кандидат технических наук
|f 1980-
|g Дмитрий Юрьевич
|3 (RuTPU)RU\TPU\pers\26563
|9 12252
|
| 701 |
|
1 |
|a Сайгаш
|b А. С.
|c специалист в области электроэнергетики
|c доцент Томского политехнического университета, кандидат технических наук
|f 1981-
|g Анастасия Сергеевна
|3 (RuTPU)RU\TPU\pers\27720
|9 12794
|
| 701 |
|
1 |
|a Ягин
|b А. Г.
|
| 801 |
|
1 |
|a RU
|b 63413507
|c 20061219
|g PSBO
|
| 801 |
|
2 |
|a RU
|b 63413507
|c 20181227
|g RCR
|
| 942 |
|
|
|c BK
|